[Event "WchT Seniors 65"]
[Site "Struga"]
[Date "2023.09.27"]
[Round "8.2"]
[White "Roos, Louis"]
[Black "Goormachtigh, Johan"]
[Result "1-0"]
[WhiteElo "2253"]
[BlackElo "2183"]
[PlyCount "101"]
[EventDate "2023.09.19"]
[EventType "team-swiss"]
[EventRounds "9"]
[EventCountry "MKD"]
[SourceTitle "EXT 2024"]
[Source "ChessBase"]
[SourceDate "2023.10.10"]
[SourceVersion "1"]
[SourceVersionDate "2023.10.10"]
[SourceQuality "1"]
[WhiteTeam "France 65"]
[BlackTeam "Belgium 65"]
[WhiteTeamCountry "FRA"]
[BlackTeamCountry "BEL"]

1. d4 Nf6 2. c4 g6 3. Nf3 Bg7 4. Nc3 d5 5. Bg5 Ne4 6. cxd5 Nxg5 7. Nxg5 e6 8. Qd2 h6 9. Nh3 exd5 10. Nf4 c6 11. e3 Bf5 12. Be2 h5 13. 0-0 Nd7 14. b4 a6 15. a4 b5 16. a5 Bf8 17. Na2 Bd6 18. Bd3 Bxd3 19. Nxd3 Qh4 20. g3 Qf6 21. Rac1 Rc8 22. f4 Qf5 23. Ne5 Nb8 24. Qc2 Qxc2 25. Rxc2 Ke7 26. Kg2 Rhg8 27. Rfc1 Bxe5 28. fxe5 Rgf8 29. Nc3 Rcd8 30. Ne2 g5 31. Ng1 f6 32. Nf3 g4 33. Nh4 Rg8 34. exf6+ Kxf6 35. Rf1+ Ke7 36. Rf5 Rd6 37. Rxh5 Re6 38. h3 gxh3+ 39. Kxh3 Nd7 40. Nf5+ Kd8 41. Rh7 Rg5 42. Rh8+ Kc7 43. Rf2 Rf6 44. g4 Rfg6 45. Rf4 Nf6 46. Nh6 Nd7 47. Kh4 Rg7 48. Nf5 Rg8 49. Rh7 Kd8 50. Nh6 R5g6 51. Nxg8 1-0

[Event "Bodensee Seniors op"]
[Site "Bregenz"]
[Date "2023.05.18"]
[Round "6"]
[White "Prie, Eric"]
[Black "Goormachtigh, Johan"]
[Result "1-0"]
[WhiteElo "2352"]
[BlackElo "2136"]
[PlyCount "119"]
[EventDate "2023.05.13"]
[EventType "swiss"]
[EventRounds "7"]
[EventCountry "AUT"]
[SourceTitle "CBM 214 Extra"]
[Source "ChessBase"]
[SourceDate "2023.07.31"]
[SourceVersion "1"]
[SourceVersionDate "2023.07.31"]
[SourceQuality "1"]

1. d4 Nf6 2. Nf3 g6 3. Bf4 Bg7 4. e3 0-0 5. Be2 c5 6. c3 d6 7. dxc5 dxc5 8. Na3 Nc6 9. 0-0 Nh5 10. Bg5 h6 11. Bh4 Qxd1 12. Rfxd1 g5 13. Nd2 Nf6 14. Bg3 Bf5 15. Nac4 Rfd8 16. a4 Rd7 17. Nb3 Bc2 18. Rxd7 Nxd7 19. Nba5 Nxa5 20. Nxa5 Be4 21. Rd1 Nb6 22. f3 Bc2 23. Rd2 Bxa4 24. Nxb7 c4 25. Bc7 Rc8 26. Rd8+ Rxd8 27. Bxd8 Bb5 28. Bxe7 Na4 29. Nd6 Bd7 30. Bxc4 Nxb2 31. Bxf7+ Kh7 32. c4 Nd1 33. Be8 Be6 34. c5 Nxe3 35. c6 Bd4 36. Kh1 Nd5 37. Bd8 Bb6 38. Bxb6 Nxb6 39. c7 a5 40. Bc6 a4 41. Bxa4 Nxa4 42. c8Q Bxc8 43. Nxc8 Kg6 44. g3 Nc3 45. Kg2 Nd5 46. Kf2 Kf5 47. Nd6+ Ke6 48. Nc4 Kf6 49. Ke2 Ke6 50. Kd3 Nb4+ 51. Ke4 Nd5 52. Kd4 Nb4 53. Ne3 Nc6+ 54. Ke4 Ne5 55. f4 gxf4 56. Kxf4 Nd7 57. Nf5 h5 58. Ng7+ Kf6 59. Nxh5+ Kg6 60. g4 1-0

[Event "Bodensee Seniors op"]
[Site "Bregenz"]
[Date "2023.05.13"]
[Round "1"]
[White "Ruenz, Wilfried"]
[Black "Goormachtigh, Johan"]
[Result "0-1"]
[WhiteElo "1765"]
[BlackElo "2136"]
[PlyCount "74"]
[EventDate "2023.05.13"]
[EventType "swiss"]
[EventRounds "7"]
[EventCountry "AUT"]
[SourceTitle "CBM 214 Extra"]
[Source "ChessBase"]
[SourceDate "2023.07.31"]
[SourceVersion "1"]
[SourceVersionDate "2023.07.31"]
[SourceQuality "1"]

1. d4 Nf6 2. Nf3 g6 3. g3 Bg7 4. Bg2 0-0 5. 0-0 d5 6. Nbd2 c5 7. c3 Nbd7 8. Re1 b6 9. e4 dxe4 10. Nxe4 Nxe4 11. Rxe4 Bb7 12. Re1 cxd4 13. Nxd4 Bxg2 14. Kxg2 Ne5 15. Nf3 Nd3 16. Re2 Nxc1 17. Rxc1 Qc7 18. Qe1 e6 19. Ne5 Rad8 20. f4 Rd5 21. Rd1 Rfd8 22. Rxd5 Rxd5 23. Nf3 Qd8 24. Qf2 Rd3 25. Re3 Rd1 26. Re1 Rxe1 27. Nxe1 Qd5+ 28. Qf3 Qxa2 29. Qa8+ Bf8 30. Nd3 Qd5+ 31. Qxd5 exd5 32. Ne5 f6 33. Nc6 a5 34. Kf3 Kf7 35. Ke3 Bc5+ 36. Nd4 Ke7 37. Kd3 Bxd4 0-1

[Event "BEL-chT 2223"]
[Site "Belgium"]
[Date "2023.02.12"]
[Round "7.5"]
[White "Butzen, Robin"]
[Black "Goormachtigh, Johan"]
[Result "1/2-1/2"]
[WhiteElo "2048"]
[BlackElo "2140"]
[PlyCount "129"]
[EventDate "2022.09.25"]
[EventType "team-tourn"]
[EventRounds "11"]
[EventCountry "BEL"]
[SourceTitle "CBM 213 Extra"]
[Source "ChessBase"]
[SourceDate "2023.05.31"]
[SourceVersion "1"]
[SourceVersionDate "2023.05.31"]
[SourceQuality "1"]
[WhiteTeam "Mechelen"]
[BlackTeam "KGSRL"]
[WhiteTeamCountry "BEL"]
[BlackTeamCountry "BEL"]

1. d4 Nf6 2. c4 g6 3. Nc3 d5 4. Bf4 Bg7 5. e3 c5 6. dxc5 Qa5 7. Rc1 dxc4 8. Bxc4 0-0 9. Nge2 Qxc5 10. Qb3 Qa5 11. 0-0 Nbd7 12. h3 Nb6 13. Bc7 Qc5 14. Na4 Nxa4 15. Qxa4 Qf5 16. Ng3 Qg5 17. Rfd1 Ne8 18. Bf4 Qh4 19. Be5 Qh6 20. Bxg7 Qxg7 21. Qa3 Nd6 22. Bd5 Be6 23. Bxe6 fxe6 24. Ne2 Qf6 25. f3 Rac8 26. Qb3 Qe5 27. Nd4 Kf7 28. f4 Qd5 29. Nf3 Qxb3 30. Ng5+ Kf6 31. axb3 Rxc1 32. Rxc1 Rh8 33. e4 e5 34. fxe5+ Kxg5 35. exd6 exd6 36. Rc7 Kf4 37. Kf2 Kxe4 38. Rxb7 a5 39. Ke2 Rc8 40. Re7+ Kd4 41. Kd2 Rf8 42. Ke2 Rb8 43. Rxh7 Rxb3 44. Rh6 Rxb2+ 45. Kf3 Kc5 46. Rxg6 a4 47. h4 a3 48. Rg8 Rb5 49. h5 Kb4 50. h6 a2 51. h7 a1Q 52. h8Q Rf5+ 53. Kg4 Qxh8 54. Rxh8 Rf2 55. Kg3 Rf1 56. Rh4+ Kc3 57. Rf4 Rxf4 58. Kxf4 d5 59. g4 d4 60. g5 d3 61. g6 d2 62. g7 d1Q 63. g8Q Qf1+ 64. Ke5 Qe2+ 65. Kf6 1/2-1/2

[Event "BEL-chT 2223"]
[Site "Belgium"]
[Date "2023.01.29"]
[Round "6.1"]
[White "Goormachtigh, Johan"]
[Black "Jamar, Vadim"]
[Result "1-0"]
[WhiteElo "2085"]
[BlackElo "1972"]
[PlyCount "97"]
[EventDate "2022.09.25"]
[EventType "team-tourn"]
[EventRounds "11"]
[EventCountry "BEL"]
[SourceTitle "CBM 213 Extra"]
[Source "ChessBase"]
[SourceDate "2023.05.31"]
[SourceVersion "1"]
[SourceVersionDate "2023.05.31"]
[SourceQuality "1"]
[WhiteTeam "KGSRL"]
[BlackTeam "Charleroi CREC"]
[WhiteTeamCountry "BEL"]
[BlackTeamCountry "BEL"]

1. d4 Nf6 2. c4 g6 3. Nc3 Bg7 4. e4 d6 5. Be2 0-0 6. Nf3 e5 7. Be3 Ng4 8. Bg5 f6 9. Bh4 g5 10. Bg3 Nh6 11. c5 g4 12. Nh4 Nc6 13. cxd6 cxd6 14. dxe5 dxe5 15. Bc4+ Kh8 16. Qxd8 Rxd8 17. 0-0 Nd4 18. Rad1 Bd7 19. f3 Bc6 20. Bf2 b5 21. Bxd4 bxc4 22. Bc5 gxf3 23. gxf3 a6 24. Rxd8+ Rxd8 25. Rd1 Rxd1+ 26. Nxd1 f5 27. Nxf5 Nxf5 28. exf5 Bxf3 29. Ne3 Be2 30. Be7 Kg8 31. Kf2 Bd3 32. f6 Bf8 33. Ng4 e4 34. Ne5 Bb1 35. a3 Bd3 36. Ke3 a5 37. Kd4 h6 38. Nxc4 a4 39. Nd6 Bc2 40. Ke3 h5 41. Kd4 Bb1 42. Bxf8 Kxf8 43. h4 Bc2 44. Nxe4 Kf7 45. Ke5 Bb3 46. Ng5+ Kg6 47. Ne6 Kf7 48. Nf4 Bd1 49. Kf5 1-0

[Event "EU-chT Seniors 65"]
[Site "Dresden"]
[Date "2022.11.02"]
[Round "7.3"]
[White "Goormachtigh, Johan"]
[Black "Gass, Ulrich"]
[Result "1/2-1/2"]
[WhiteElo "2077"]
[BlackElo "2071"]
[PlyCount "39"]
[EventDate "2022.10.27"]
[EventType "team-swiss"]
[EventRounds "9"]
[EventCountry "GER"]
[SourceTitle "EXT 2024"]
[Source "ChessBase"]
[SourceDate "2023.10.10"]
[SourceVersion "1"]
[SourceVersionDate "2023.10.10"]
[SourceQuality "1"]
[WhiteTeam "Belgium 65"]
[BlackTeam "Eppingen 65"]
[WhiteTeamCountry "BEL"]
[BlackTeamCountry "GER"]

1. d4 Nf6 2. c4 g6 3. Nc3 Bg7 4. e4 d6 5. Be2 0-0 6. Nf3 e5 7. Be3 exd4 8. Nxd4 Re8 9. f3 c6 10. Bf2 d5 11. exd5 cxd5 12. 0-0 Nc6 13. c5 Nh5 14. Qd2 Be5 15. g3 Ng7 16. Rfd1 a6 17. Bf1 Ne6 18. Nxe6 Bxe6 19. f4 Bg7 20. Bg2 1/2-1/2

[Event "BEL-chT 2223"]
[Site "Belgium"]
[Date "2022.09.25"]
[Round "1.6"]
[White "Goormachtigh, Johan"]
[Black "Boucquet, Emile"]
[Result "0-1"]
[WhiteElo "2085"]
[BlackElo "2174"]
[PlyCount "90"]
[EventDate "2022.09.25"]
[EventType "team-tourn"]
[EventRounds "11"]
[EventCountry "BEL"]
[SourceTitle "EXT 2024"]
[Source "ChessBase"]
[SourceDate "2023.10.10"]
[SourceVersion "1"]
[SourceVersionDate "2023.10.10"]
[SourceQuality "1"]
[WhiteTeam "KGSRL"]
[BlackTeam "KBSK Brugge"]
[WhiteTeamCountry "BEL"]
[BlackTeamCountry "BEL"]

1. d4 d5 2. c4 e6 3. Nc3 Nf6 4. cxd5 exd5 5. Bg5 c6 6. e3 Bd6 7. Bd3 0-0 8. Qc2 h6 9. Bh4 Re8 10. Nge2 a5 11. a3 Na6 12. Bg3 Nc7 13. 0-0 Ne6 14. Na4 Bxg3 15. Nxg3 h5 16. Nf5 Ng5 17. f3 g6 18. Nh4 Nfh7 19. Qf2 Nf8 20. Nc3 Qe7 21. Rae1 b5 22. e4 dxe4 23. fxe4 b4 24. Nb1 Nfe6 25. Nf5 Qd7 26. h4 Nh7 27. d5 gxf5 28. exf5 Nef8 29. Qg3+ Kh8 30. Rxe8 Qxe8 31. Re1 Qd8 32. dxc6 Qf6 33. Qe5 Ba6 34. Bxa6 Rxa6 35. c7 Qxe5 36. Rxe5 Rc6 37. Rxa5 Rxc7 38. Nd2 Rc2 39. Ne4 b3 40. Rb5 Rxb2 41. Nc5 Rb1+ 42. Kf2 b2 43. Na4 Ra1 44. Nxb2 Rxa3 45. Nc4 Ra7 0-1

[Event "Ghent op 43rd"]
[Site "Ghent"]
[Date "2022.07.24"]
[Round "9"]
[White "Goormachtigh, Johan"]
[Black "Domalchuk Jonasson, Aleksandr"]
[Result "1/2-1/2"]
[WhiteElo "2128"]
[BlackElo "2244"]
[PlyCount "105"]
[EventDate "2022.07.20"]
[EventType "swiss"]
[EventRounds "9"]
[EventCountry "BEL"]
[SourceTitle "CBM 209 Extra"]
[Source "ChessBase"]
[SourceDate "2022.09.30"]
[SourceVersion "1"]
[SourceVersionDate "2022.09.30"]
[SourceQuality "1"]

1. d4 Nf6 2. c4 e6 3. Nf3 a6 4. Nc3 d5 5. cxd5 exd5 6. Bg5 Be6 7. e3 Nbd7 8. Bd3 c6 9. Qc2 Bd6 10. Bh4 Qb8 11. Bg3 0-0 12. Rc1 h6 13. 0-0 Nh5 14. Bxd6 Qxd6 15. Na4 g6 16. Nc5 Nxc5 17. Qxc5 Qxc5 18. Rxc5 Ng7 19. Ne5 Bf5 20. Bxf5 Nxf5 21. Nd7 Rfd8 22. Nb6 Rab8 23. a4 Nd6 24. b4 Kg7 25. Rb1 Re8 26. b5 axb5 27. axb5 Nxb5 28. Nxd5 Nd6 29. Nb6 Rbd8 30. g3 f5 31. Nc4 Re7 32. Ne5 Ra8 33. Rc2 g5 34. Nc4 Nb5 35. f4 Kf6 36. fxg5+ hxg5 37. Rf1 Ke6 38. Rcf2 Ra4 39. d5+ cxd5 40. Nb6 Ra6 41. Rxf5 Nd6 42. Rf6+ Ke5 43. Rxd6 Kxd6 44. Nc8+ Kd7 45. Nxe7 Kxe7 46. Rb1 b6 47. Kg2 Ke6 48. Kf3 Kf5 49. h3 Ra3 50. Rxb6 d4 51. Rb5+ Kf6 52. Rb6+ Kf5 53. Rb5+ 1/2-1/2

[Event "BEL-chT 2122"]
[Site "Belgium"]
[Date "2022.03.13"]
[Round "9.5"]
[White "Harff, Marcel"]
[Black "Goormachtigh, Johan"]
[Result "1/2-1/2"]
[WhiteElo "2357"]
[BlackElo "2150"]
[PlyCount "50"]
[EventDate "2021.10.24"]
[EventType "team-tourn"]
[EventRounds "11"]
[EventCountry "BEL"]
[SourceTitle "EXT 2023"]
[Source "ChessBase"]
[SourceDate "2022.10.05"]
[SourceVersion "1"]
[SourceVersionDate "2022.10.05"]
[SourceQuality "1"]
[WhiteTeam "KSK Rochade"]
[BlackTeam "KGSRL"]
[WhiteTeamCountry "BEL"]
[BlackTeamCountry "BEL"]

1. c4 c5 2. Nf3 Nc6 3. Nc3 g6 4. e3 Nf6 5. a3 Bg7 6. d4 cxd4 7. Nxd4 0-0 8. Nc2 d6 9. Be2 Be6 10. e4 Nd7 11. Nd5 Nc5 12. f3 Nb3 13. Rb1 Nxc1 14. Qxc1 Nd4 15. Nxd4 Bxd4 16. Qd2 Bg7 17. 0-0 Bxd5 18. exd5 Qb6+ 19. Kh1 Qd4 20. Qxd4 Bxd4 21. f4 a5 22. a4 Rfe8 23. f5 Kg7 24. b3 b6 25. Rbd1 Be5 1/2-1/2

[Event "Sitges Sunway op 8th"]
[Site "Sitges"]
[Date "2021.12.13"]
[Round "1"]
[White "Garriga Cazorla, Pere"]
[Black "Goormachtigh, Johan"]
[Result "1-0"]
[WhiteElo "2477"]
[BlackElo "2140"]
[PlyCount "73"]
[EventDate "2021.12.13"]
[EventType "swiss"]
[EventRounds "10"]
[EventCountry "ESP"]
[SourceTitle "CBM 205 Extra"]
[Source "ChessBase"]
[SourceDate "2022.01.31"]
[SourceVersion "1"]
[SourceVersionDate "2022.01.31"]
[SourceQuality "1"]

1. Nf3 c5 2. c4 Nc6 3. Nc3 g6 4. e3 Nf6 5. d4 cxd4 6. exd4 d5 7. Bg5 Be6 8. Bxf6 exf6 9. c5 Bg7 10. h3 0-0 11. Bb5 Bf5 12. 0-0 Be4 13. Bxc6 Bxf3 14. Qxf3 bxc6 15. b4 f5 16. Rfd1 a6 17. a4 Qd7 18. Rab1 Rfb8 19. Rb3 h5 20. Qd3 h4 21. Rdb1 Re8 22. b5 axb5 23. axb5 cxb5 24. Rxb5 Ra3 25. Qd2 Qa7 26. Nxd5 Qd7 27. Qb2 Rd3 28. Rb8 Rxd4 29. c6 Qxd5 30. Rxe8+ Kh7 31. Qb3 Qxc6 32. Qxf7 Rd7 33. Qg8+ Kh6 34. Rbe1 Qd5 35. R8e6 Rd6 36. Qf7 Rxe6 37. Rxe6 1-0

[Event "WchT Seniors 65"]
[Site "Prague"]
[Date "2020.03.10"]
[Round "5.4"]
[White "Goormachtigh, Johan"]
[Black "Khanukov, Boris"]
[Result "0-1"]
[WhiteElo "2181"]
[BlackElo "2293"]
[PlyCount "116"]
[EventDate "2020.03.06"]
[EventType "team-swiss"]
[EventRounds "7"]
[EventCountry "CZE"]
[SourceTitle "CBM 195 Extra"]
[Source "ChessBase"]
[SourceDate "2020.05.31"]
[SourceVersion "1"]
[SourceVersionDate "2020.05.31"]
[SourceQuality "1"]
[WhiteTeam "Belgium 65"]
[BlackTeam "Germany 65 II"]
[WhiteTeamCountry "BEL"]
[BlackTeamCountry "GER"]

1. d4 Nf6 2. c4 e6 3. Nf3 b6 4. g3 Ba6 5. Qc2 Be7 6. Bg2 c6 7. 0-0 0-0 8. Bf4 d5 9. Nbd2 Nbd7 10. Rac1 Nh5 11. Qa4 Nxf4 12. gxf4 Bxc4 13. Nxc4 b5 14. Qa6 bxc4 15. Qxc6 Qc8 16. Ne5 Nxe5 17. Qxc8 Nf3+ 18. Bxf3 Raxc8 19. Rc2 f5 20. Ra1 a5 21. e3 Rc7 22. Bd1 Rb8 23. Rac1 Rcb7 24. b3 Ba3 25. Rb1 a4 26. Rc3 Bb4 27. Rc2 Be7 28. Rc3 Kf7 29. Kf1 h6 30. Ra1 axb3 31. axb3 cxb3 32. Rb1 b2 33. Bc2 Bd6 34. Ke2 Rb6 35. h3 g5 36. fxg5 hxg5 37. Kf1 Kf6 38. Kg2 Rb4 39. Rc6 Rc4 40. Rxc4 dxc4 41. Kf1 e5 42. dxe5+ Bxe5 43. Rd1 Ra8 44. Ke2 Rh8 45. Rd5 Rxh3 46. Rd8 Rh1 47. Rf8+ Ke7 48. Rxf5 Ke6 49. Rxg5 b1Q 50. Bxb1 Rxb1 51. f4 Rb2+ 52. Kd1 Bd6 53. Rg6+ Kd7 54. f5 c3 55. Rg7+ Kc6 56. Ra7 Bc5 57. Ra4 Kb5 58. Re4 Rf2 0-1

[Event "WchT Seniors 65"]
[Site "Prague"]
[Date "2020.03.07"]
[Round "2.11"]
[White "Hardicsay, Peter"]
[Black "Goormachtigh, Johan"]
[Result "1-0"]
[WhiteElo "2203"]
[BlackElo "2181"]
[PlyCount "185"]
[EventDate "2020.03.06"]
[EventType "team-swiss"]
[EventRounds "7"]
[EventCountry "CZE"]
[SourceTitle "CBM 195 Extra"]
[Source "ChessBase"]
[SourceDate "2020.05.31"]
[SourceVersion "1"]
[SourceVersionDate "2020.05.31"]
[SourceQuality "1"]
[WhiteTeam "Hungary 65"]
[BlackTeam "Belgium 65"]
[WhiteTeamCountry "HUN"]
[BlackTeamCountry "BEL"]

1. c4 Nf6 2. Nc3 d5 3. cxd5 Nxd5 4. g3 g6 5. Bg2 Nb6 6. Nf3 Bg7 7. d3 Nc6 8. Bd2 0-0 9. Qc1 Bg4 10. 0-0 Qd7 11. Bh6 Rab8 12. Bxg7 Kxg7 13. Re1 Bxf3 14. Bxf3 Nd4 15. Bg2 c6 16. Ne4 Ne6 17. Qc3+ Kg8 18. Rac1 Nd5 19. Qc4 Nb6 20. Qb3 Nd5 21. e3 Qd8 22. d4 Qb6 23. Qc2 Nb4 24. Qb1 a5 25. a3 Na6 26. Nd2 Nac7 27. Nc4 Qa7 28. Red1 Rbd8 29. Qc2 a4 30. Ne5 Nd5 31. Qc4 Rfe8 32. Nd3 Nb6 33. Qc2 Nd5 34. Ne5 Qa5 35. Qe2 Ra8 36. Rc2 Qa6 37. Qd2 Qa5 38. Qc1 Red8 39. Bf1 Qa7 40. Nd3 Rac8 41. Bh3 Ndc7 42. Rc4 Ra8 43. Qc2 Rd5 44. Bg2 Rdd8 45. Rc1 Nd5 46. Qe2 Nb6 47. R4c2 Nd5 48. h4 Nf6 49. Bh3 Rd6 50. Ne5 h5 51. Nc4 Rd5 52. Bxe6 fxe6 53. Ne5 Kh7 54. Nf7 Kg8 55. Ng5 e5 56. Qd3 Kg7 57. Rc5 exd4 58. Rxd5 Nxd5 59. Ne6+ Kh7 60. Nxd4 Rf8 61. Rc2 Rf6 62. Qe4 Qb8 63. Ne6 Qd6 64. Ng5+ Kg7 65. Kg2 b5 66. Qd4 e5 67. Qa7+ Qe7 68. Qc5 Qxc5 69. Rxc5 Rd6 70. Ne4 Re6 71. Ng5 Rd6 72. Nf3 Kf6 73. e4 Ne7 74. Nxe5 Rd2 75. Nxc6 Nxc6 76. Rxc6+ Kf7 77. Rb6 Rxb2 78. Kf3 Kg7 79. Ke3 Kf7 80. e5 b4 81. axb4 a3 82. Rf6+ Kg7 83. Ra6 a2 84. Ra7+ Kf8 85. f3 Rb3+ 86. Kf4 Rxb4+ 87. Kg5 Rb3 88. f4 Rxg3+ 89. Kf6 Kg8 90. Rxa2 Rg4 91. Ra4 Rg1 92. e6 Re1 93. Ra8+ 1-0

[Event "EU-Cup 35th"]
[Site "Ulcinj"]
[Date "2019.11.15"]
[Round "6.9"]
[White "Goormachtigh, Johan"]
[Black "Lundin, Jan"]
[Result "1/2-1/2"]
[WhiteElo "2180"]
[BlackElo "2300"]
[PlyCount "63"]
[EventDate "2019.11.10"]
[EventType "team-swiss"]
[EventRounds "7"]
[EventCountry "MNE"]
[SourceTitle "CBM 193 Extra"]
[Source "ChessBase"]
[SourceDate "2020.01.31"]
[SourceVersion "1"]
[SourceVersionDate "2020.01.31"]
[SourceQuality "1"]
[WhiteTeam "Gent"]
[BlackTeam "Berlin SF"]
[WhiteTeamCountry "BEL"]
[BlackTeamCountry "GER"]

1. d4 d5 2. Nf3 e6 3. c4 c5 4. cxd5 exd5 5. g3 Nc6 6. Bg2 c4 7. 0-0 Bb4 8. b3 cxb3 9. Qxb3 Nge7 10. Ba3 a5 11. Bxb4 axb4 12. Nbd2 Ra3 13. Qb2 Bg4 14. Ne5 Be6 15. Nd3 Qb6 16. Rfb1 Qxd4 17. Nxb4 Qxb2 18. Rxb2 0-0 19. Nc2 Rc3 20. Nf3 Rc8 21. h3 Nf5 22. Rd1 Rc4 23. e3 Kf8 24. Ncd4 Ncxd4 25. Nxd4 Nxd4 26. Rxd4 Rxd4 27. exd4 Rc1+ 28. Kh2 Rd1 29. Rxb7 Rxd4 30. Rb2 Ra4 31. Rd2 d4 32. a3 1/2-1/2

[Event "EU-Cup 35th"]
[Site "Ulcinj"]
[Date "2019.11.13"]
[Round "4.8"]
[White "Goormachtigh, Johan"]
[Black "Heinemann, Josefine"]
[Result "1-0"]
[WhiteElo "2180"]
[BlackElo "2339"]
[PlyCount "75"]
[EventDate "2019.11.10"]
[EventType "team-swiss"]
[EventRounds "7"]
[EventCountry "MNE"]
[SourceTitle "CBM 193 Extra"]
[Source "ChessBase"]
[SourceDate "2020.01.31"]
[SourceVersion "1"]
[SourceVersionDate "2020.01.31"]
[SourceQuality "1"]
[WhiteTeam "Gent"]
[BlackTeam "Viernheim"]
[WhiteTeamCountry "BEL"]
[BlackTeamCountry "GER"]

1. d4 Nf6 2. c4 e6 3. Nf3 b6 4. g3 Ba6 5. Qc2 Bb7 6. Bg2 c5 7. d5 exd5 8. cxd5 Nxd5 9. 0-0 Nc6 10. Rd1 Nf6 11. a3 Be7 12. e4 0-0 13. Nc3 Qc8 14. Bf4 h6 15. e5 Nh7 16. Nd5 Re8 17. h4 Nf8 18. Rd2 Ne6 19. Rad1 Ncd4 20. Nxd4 Nxd4 21. Rxd4 cxd4 22. Qxc8 Raxc8 23. Nxe7+ Rxe7 24. Bxb7 Rc2 25. Rxd4 Rxb2 26. Bc8 f6 27. exf6 Ree2 28. Bxd7 gxf6 29. Bh3 Rxf2 30. Bxh6 Rf3 31. Bf4 Rxa3 32. Rd1 b5 33. h5 Kf7 34. h6 Kg6 35. Bf5+ Kxf5 36. h7 Raa2 37. h8Q Rg2+ 38. Kh1 1-0

[Event "EU-Cup 35th"]
[Site "Ulcinj"]
[Date "2019.11.11"]
[Round "2.9"]
[White "Kislinsky, Alexey"]
[Black "Goormachtigh, Johan"]
[Result "1-0"]
[WhiteElo "2448"]
[BlackElo "2180"]
[PlyCount "67"]
[EventDate "2019.11.10"]
[EventType "team-swiss"]
[EventRounds "7"]
[EventCountry "MNE"]
[SourceTitle "CBM 193 Extra"]
[Source "ChessBase"]
[SourceDate "2020.01.31"]
[SourceVersion "1"]
[SourceVersionDate "2020.01.31"]
[SourceQuality "1"]
[WhiteTeam "Lysa nad Labem Joly"]
[BlackTeam "Gent"]
[WhiteTeamCountry "CZE"]
[BlackTeamCountry "BEL"]

1. e4 c5 2. c3 Nf6 3. e5 Nd5 4. Bc4 Nb6 5. Bb3 c4 6. Bc2 d6 7. exd6 Qxd6 8. Na3 Qe6+ 9. Ne2 Nc6 10. 0-0 g6 11. d4 Bg7 12. Nf4 Qd7 13. Qe2 0-0 14. Nxc4 Nxc4 15. Qxc4 e5 16. dxe5 Nxe5 17. Qe2 Qg4 18. f3 Qh4 19. Be3 Bd7 20. Rad1 Bc6 21. Qf2 Qxf2+ 22. Kxf2 Nc4 23. Bc1 Rfd8 24. b3 Nd6 25. c4 b5 26. Nd5 Bxd5 27. Rxd5 bxc4 28. Rfd1 cxb3 29. Bxb3 Bf8 30. Bg5 Rd7 31. Ba4 Rb7 32. Rxd6 Bxd6 33. Rxd6 Rb2+ 34. Rd2 1-0

[Event "Charleroi op"]
[Site "Roux"]
[Date "2019.07.30"]
[Round "5"]
[White "Miulescu, Gabriel"]
[Black "Goormachtigh, Johan"]
[Result "0-1"]
[WhiteElo "2020"]
[BlackElo "2164"]
[PlyCount "46"]
[EventDate "2019.07.27"]
[EventType "swiss"]
[EventRounds "9"]
[EventCountry "BEL"]
[SourceTitle "CBM 191 Extra"]
[Source "ChessBase"]
[SourceDate "2019.09.30"]
[SourceVersion "1"]
[SourceVersionDate "2019.09.30"]
[SourceQuality "1"]

1. e4 c5 2. Nf3 e6 3. d4 cxd4 4. Nxd4 Nc6 5. Nc3 Qc7 6. Be3 a6 7. Qd2 Nf6 8. 0-0-0 Bb4 9. f3 0-0 10. g4 b5 11. g5 Nh5 12. a3 Be7 13. Be2 Nxd4 14. Qxd4 Nf4 15. h4 Rd8 16. Rdg1 Qxc3 17. Qxc3 Nxe2+ 18. Kd2 Nxc3 19. Kxc3 d5 20. e5 d4+ 21. Bxd4 Bb7 22. Rh3 Rac8+ 23. Kd3 Rxd4+ 0-1

[Event "Charleroi op"]
[Site "Roux"]
[Date "2019.07.28"]
[Round "2"]
[White "Goormachtigh, Johan"]
[Black "Gutenev, Alexander"]
[Result "0-1"]
[WhiteElo "2164"]
[BlackElo "2470"]
[PlyCount "54"]
[EventDate "2019.07.27"]
[EventType "swiss"]
[EventRounds "9"]
[EventCountry "BEL"]
[SourceTitle "CBM 191 Extra"]
[Source "ChessBase"]
[SourceDate "2019.09.30"]
[SourceVersion "1"]
[SourceVersionDate "2019.09.30"]
[SourceQuality "1"]

1. d4 Nf6 2. Nf3 g6 3. c4 Bg7 4. Nc3 d5 5. cxd5 Nxd5 6. e4 Nxc3 7. bxc3 c5 8. Be3 Qa5 9. Qd2 0-0 10. Rb1 a6 11. Rc1 Bg4 12. Be2 Nd7 13. h3 Bxf3 14. Bxf3 Rfd8 15. d5 c4 16. 0-0 Ne5 17. Be2 e6 18. Qb2 Qb5 19. Qxb5 axb5 20. dxe6 Rxa2 21. exf7+ Kxf7 22. Rfe1 Nd3 23. Bxd3 Rxd3 24. Red1 Rxd1+ 25. Rxd1 Bxc3 26. Rd7+ Ke8 27. Rxb7 b4 0-1

[Event "BEL-chT 1819"]
[Site "Belgium"]
[Date "2019.02.10"]
[Round "7.7"]
[White "Noiroux, Kevin"]
[Black "Goormachtigh, Johan"]
[Result "0-1"]
[WhiteElo "2118"]
[BlackElo "2165"]
[PlyCount "142"]
[EventDate "2018.09.30"]
[EventType "team-tourn"]
[EventRounds "11"]
[EventCountry "BEL"]
[SourceTitle "CBM 189 Extra"]
[Source "ChessBase"]
[SourceDate "2019.06.03"]
[SourceVersion "1"]
[SourceVersionDate "2019.06.03"]
[SourceQuality "1"]
[WhiteTeam "Echiquier Mosan"]
[BlackTeam "KGSRL"]
[WhiteTeamCountry "BEL"]
[BlackTeamCountry "BEL"]

1. d4 Nf6 2. Bf4 g6 3. Nc3 d5 4. e3 Bg7 5. Nf3 0-0 6. Be2 c5 7. 0-0 cxd4 8. exd4 Nc6 9. Ne5 Bf5 10. Nxc6 bxc6 11. Be5 Ne4 12. Nxe4 Bxe5 13. dxe5 dxe4 14. Qc1 Qd4 15. g4 Be6 16. Qf4 Qxb2 17. Qxe4 Bd5 18. Qe3 Qxc2 19. Bd3 Qa4 20. f4 Rab8 21. Rf2 Rb4 22. h3 Be4 23. Bf1 f6 24. exf6 exf6 25. Bg2 Rd8 26. Bxe4 Rxe4 27. Qb3+ Qxb3 28. axb3 Rd7 29. Ra6 Re3 30. Rxc6 Rxb3 31. Rxf6 Rxh3 32. g5 Rb3 33. Re2 Rb8 34. Kf2 Rf8 35. Rxf8+ Kxf8 36. Ra2 Ke8 37. Ke3 Kd8 38. Ke4 Ke7 39. f5 gxf5+ 40. Kxf5 Kd8 41. g6 hxg6+ 42. Kxg6 Kc8 43. Kf5 Kb7 44. Ke6 Rd4 45. Ke5 Rb4 46. Kd5 Kb6 47. Rh2 a5 48. Rh8 Kb5 49. Ra8 Rh4 50. Rb8+ Ka4 51. Kc5 Ka3 52. Rb1 a4 53. Rg1 Rh2 54. Kc4 Kb2 55. Rg8 a3 56. Rb8+ Kc2 57. Ra8 Rh4+ 58. Kc5 Kb3 59. Rb8+ Kc3 60. Ra8 Rh5+ 61. Kc6 Kb3 62. Rg8 Rh1 63. Rb8+ Kc2 64. Ra8 Rh3 65. Rg8 a2 66. Rg2+ Kb3 67. Rg1 Kb2 68. Rg2+ Ka3 69. Rg1 Rh2 70. Rg8 a1Q 71. Ra8+ Kb2 0-1